Statistics for 50 Biggest Cities in the UK

Click here to take the quiz!

General Stats

  • This quiz has been taken 4,264 times
  • The average score is 26 of 50

Answer Stats

PopulationCity% Correct
9,787,426London
100%
2,553,379Manchester
98%
2,440,986Birmingham
96%
1,209,143Glasgow
94%
864,122Liverpool
94%
482,005Edinburgh
91%
1,777,934Leeds
91%
447,287Cardiff
88%
774,891Newcastle upon Tyne
88%
617,280Bristol
83%
597,127Belfast
80%
685,368Sheffield
80%
855,569Southampton
77%
729,977Nottingham
75%
300,352Swansea
72%
207,932Aberdeen
71%
508,916Leicester
71%
474,485Brighton and Hove
69%
171,380Oxford
69%
260,203Plymouth
67%
213,166Norwich
66%
158,434Cambridge
65%
314,018Kingston upon Hull
62%
359,262Coventry
54%
335,415Sunderland
54%
270,468Derby
52%
372,775Stoke-on-Trent
50%
318,014Reading
49%
466,266Bournemouth
44%
178,835Ipswich
42%
239,409Blackpool
39%
215,963Northampton
38%
313,332Preston
35%
376,663Middlesbrough
34%
258,018Luton
29%
306,844Newport
28%
229,941Milton Keynes
26%
163,379Peterborough
26%
295,310Southend-on-Sea
26%
185,609Swindon
25%
158,141Doncaster
18%
175,405Wigan
16%
163,777Slough
14%
223,281Barnsley
11%
165,456Warrington
10%
325,264Birkenhead
8%
180,508Crawley
7%
243,931Gillingham
6%
171,958Mansfield
5%
252,397Farnborough
3%

Score Distribution

Percentile by Number Answered

Percent of People with Each Score

Your Score History

You have not taken this quiz